000 00411pab a2200169 454500
008 180718b2014 xxu||||| |||| 00| 0 eng d
100 _aWilson, Bev
245 _aAnnexation and ethnicity in the American Midwest
260 _c2014
300 _ap.417-447.
362 _aMar
650 _aEthnic groups
700 _aEdwards, Mary M.
773 _aUrban Affairs Review
908 _aN
909 _a104867
999 _c104862
_d104862